[Event "ROM-chT div-A"]
[Site "Mamaia"]
[Date "2019.09.27"]
[Round "7.3"]
[White "Ionescu, Doru Alexandru"]
[Black "Szabo, Gergely Andras"]
[Result "1/2-1/2"]
[WhiteElo "2320"]
[BlackElo "2534"]
[PlyCount "23"]
[EventDate "2019.09.21"]
[EventType "team-tourn"]
[EventRounds "9"]
[EventCountry "ROU"]
[SourceTitle "EXT 2020"]
[Source "ChessBase"]
[SourceDate "2019.10.17"]
[SourceVersion "1"]
[SourceVersionDate "2019.10.17"]
[SourceQuality "1"]
[WhiteTeam "Ploiesti Universitar"]
[BlackTeam "Ghiroda Si Giarmata VII"]
[WhiteTeamCountry "ROU"]
[BlackTeamCountry "ROU"]

1. d4 Nf6 2. Nf3 d5 3. Bg5 c5 4. e3 Nc6 5. c3 Bg4 6. Nbd2 e6 7. h3 Bh5 8. Bd3 Be7 9. 0-0 Nd7 10. Bxe7 Qxe7 11. Qb1 Bg6 12. Bxg6 1/2-1/2

[Event "ROM-chT div-A"]
[Site "Mamaia"]
[Date "2019.09.25"]
[Round "5.2"]
[White "Ionescu, Doru Alexandru"]
[Black "Varlan, Hervig Ioan"]
[Result "0-1"]
[WhiteElo "2320"]
[BlackElo "2123"]
[PlyCount "76"]
[EventDate "2019.09.21"]
[EventType "team-tourn"]
[EventRounds "9"]
[EventCountry "ROU"]
[SourceTitle "EXT 2020"]
[Source "ChessBase"]
[SourceDate "2019.10.17"]
[SourceVersion "1"]
[SourceVersionDate "2019.10.17"]
[SourceQuality "1"]
[WhiteTeam "Ploiesti Universitar"]
[BlackTeam "Ineu"]
[WhiteTeamCountry "ROU"]
[BlackTeamCountry "ROU"]

1. Nf3 Nf6 2. b3 d6 3. d4 c6 4. Bb2 Nbd7 5. Nbd2 Qc7 6. e4 e5 7. Bd3 Be7 8. 0-0 0-0 9. dxe5 Nxe5 10. Nxe5 dxe5 11. Nc4 Nd7 12. Qh5 f6 13. f4 b5 14. Rf3 Nc5 15. Ne3 Nxd3 16. cxd3 exf4 17. Nf5 Bxf5 18. Qxf5 Bd6 19. Rc1 Rae8 20. Qh3 Qb6+ 21. Kh1 c5 22. Qh5 Qb7 23. Rd1 Qf7 24. Qh4 Qg6 25. g3 fxg3 26. hxg3 Be5 27. Ba3 b4 28. Bc1 Rf7 29. Be3 Rc7 30. Rc1 Rec8 31. Qh3 Qe8 32. Kg2 Qe7 33. Kf2 a5 34. Ke2 a4 35. d4 cxd4 36. Qxc8+ Rxc8 37. Rxc8+ Kf7 38. Bd2 Qb7 0-1

[Event "ROM-chT div-A"]
[Site "Mamaia"]
[Date "2019.09.23"]
[Round "3.1"]
[White "Dobre, Claudiu Cristian"]
[Black "Ionescu, Doru Alexandru"]
[Result "1-0"]
[WhiteElo "2316"]
[BlackElo "2320"]
[PlyCount "33"]
[EventDate "2019.09.21"]
[EventType "team-tourn"]
[EventRounds "9"]
[EventCountry "ROU"]
[SourceTitle "EXT 2020"]
[Source "ChessBase"]
[SourceDate "2019.10.17"]
[SourceVersion "1"]
[SourceVersionDate "2019.10.17"]
[SourceQuality "1"]
[WhiteTeam "Targoviste University"]
[BlackTeam "Ploiesti Universitar"]
[WhiteTeamCountry "ROU"]
[BlackTeamCountry "ROU"]

1. c4 Nf6 2. Nc3 g6 3. Nf3 Bg7 4. d4 d5 5. Bf4 c5 6. dxc5 Qa5 7. Rc1 dxc4 8. e3 0-0 9. Bxc4 Qxc5 10. Bb3 Nc6 11. 0-0 Qa5 12. h3 Bf5 13. Qe2 Rad8 14. e4 Bc8 15. Nd5 Nxd5 16. exd5 e5 17. Bd2 1-0

[Event "ROM-chT"]
[Site "Sovata"]
[Date "2018.11.30"]
[Round "7.4"]
[White "Ionescu, Doru Alexandru"]
[Black "Szabo, Attila"]
[Result "1/2-1/2"]
[WhiteElo "2321"]
[BlackElo "2263"]
[PlyCount "67"]
[EventDate "2018.11.24"]
[EventType "team-tourn"]
[EventRounds "9"]
[EventCountry "ROU"]
[SourceTitle "CBM 187 Extra"]
[Source "ChessBase"]
[SourceDate "2018.11.04"]
[SourceVersion "1"]
[SourceVersionDate "2018.11.04"]
[SourceQuality "1"]
[WhiteTeam "Ploiesti Universitar"]
[BlackTeam "Baia Mare Municipiului"]
[WhiteTeamCountry "ROU"]
[BlackTeamCountry "ROU"]

1. c4 c5 2. g3 g6 3. Bg2 Bg7 4. Nc3 Nc6 5. d3 d6 6. e3 e5 7. Nge2 Nge7 8. 0-0 0-0 9. a3 a5 10. Rb1 Rb8 11. Bd2 Bf5 12. Qc2 b6 13. Nd5 Nxd5 14. Bxd5 Ne7 15. Bg2 Qd7 16. b4 axb4 17. axb4 Rfc8 18. Nc3 Be6 19. Qa4 Qd8 20. Rfd1 d5 21. cxd5 Nxd5 22. bxc5 Nxc3 23. Bxc3 Rxc5 24. Bb4 Rcc8 25. Qa3 Bd5 26. Bh3 Ra8 27. Rbc1 Rxa3 28. Rxc8 Qxc8 29. Bxc8 Rb3 30. Be7 Bf3 31. Rc1 Rxd3 32. Ba6 Rd1+ 33. Rxd1 Bxd1 34. Bd8 1/2-1/2

[Event "ROM-chT"]
[Site "Sovata"]
[Date "2018.11.28"]
[Round "5.3"]
[White "Ionescu, Doru Alexandru"]
[Black "Ardelean, George Catalin"]
[Result "1/2-1/2"]
[WhiteElo "2321"]
[BlackElo "2494"]
[PlyCount "80"]
[EventDate "2018.11.24"]
[EventType "team-tourn"]
[EventRounds "9"]
[EventCountry "ROU"]
[SourceTitle "CBM 187 Extra"]
[Source "ChessBase"]
[SourceDate "2018.11.04"]
[SourceVersion "1"]
[SourceVersionDate "2018.11.04"]
[SourceQuality "1"]
[WhiteTeam "Ploiesti Universitar"]
[BlackTeam "Galati"]
[WhiteTeamCountry "ROU"]
[BlackTeamCountry "ROU"]

1. c4 e6 2. Nf3 d5 3. g3 dxc4 4. Qa4+ Nd7 5. Qxc4 Ngf6 6. Bg2 a6 7. Qc2 c5 8. 0-0 b5 9. b3 Bb7 10. Bb2 Be7 11. d3 0-0 12. Nbd2 Nd5 13. Rac1 Qb6 14. Qb1 Rfc8 15. Rfd1 Rc7 16. Qa1 f6 17. a3 Qa7 18. d4 Rac8 19. Bh3 Nf8 20. e4 Nb6 21. dxc5 Bxc5 22. b4 Be7 23. Bd4 Ba8 24. Be3 Qb7 25. Rxc7 Rxc7 26. Nd4 Kf7 27. Bg2 Na4 28. Rc1 g6 29. N2b3 e5 30. Na5 Rxc1+ 31. Qxc1 Qd7 32. Ndc6 Bd8 33. Nxd8+ Qxd8 34. Qc2 Ne6 35. Qb3 Qd6 36. Qc2 Qd7 37. Bh3 Ke7 38. Nb3 Nd4 39. Bxd4 Qxh3 40. Qc7+ Qd7 1/2-1/2

[Event "NRW Class1 1718"]
[Site "Germany"]
[Date "2017.12.17"]
[Round "4.1"]
[White "Ionescu, Doru Alexandru"]
[Black "Loifenfeld, Jakov"]
[Result "1-0"]
[WhiteElo "2325"]
[BlackElo "2413"]
[PlyCount "67"]
[EventDate "2017.09.17"]
[EventType "team-tourn"]
[EventRounds "9"]
[EventCountry "GER"]
[SourceTitle "EXT 2019"]
[Source "ChessBase"]
[SourceDate "2018.10.10"]
[SourceVersion "1"]
[SourceVersionDate "2018.10.10"]
[SourceQuality "1"]
[WhiteTeam "Sundern"]
[BlackTeam "Bruehl"]
[WhiteTeamCountry "GER"]
[BlackTeamCountry "GER"]

1. d4 c5 2. d5 d6 3. e4 Nf6 4. Nc3 a6 5. a4 e6 6. dxe6 Bxe6 7. f4 Be7 8. Nf3 0-0 9. Be2 Re8 10. 0-0 Nc6 11. Kh1 Rb8 12. Ng5 Nd4 13. Nxe6 fxe6 14. e5 Nd7 15. exd6 Bxd6 16. Ne4 Bf8 17. Bc4 b5 18. axb5 axb5 19. Ba2 Nf6 20. Nxf6+ Qxf6 21. c3 Nf5 22. Qf3 c4 23. Bb1 Bc5 24. Ra6 Rbd8 25. g4 Nh4 26. Qc6 Qe7 27. Qxb5 h5 28. Qxc4 hxg4 29. f5 Rd6 30. Rxd6 Qxd6 31. fxe6 Rxe6 32. Re1 Qc6+ 33. Re4 Kf7 34. Ba2 1-0

[Event "ROM-chT"]
[Site "Baile Govora"]
[Date "2017.11.14"]
[Round "4.3"]
[White "Ionescu, Doru Alexandru"]
[Black "Vasiesiu, Dan"]
[Result "1/2-1/2"]
[WhiteElo "2333"]
[BlackElo "2366"]
[PlyCount "82"]
[EventDate "2017.11.11"]
[EventType "team-tourn"]
[EventRounds "9"]
[EventCountry "ROU"]
[SourceTitle "CBM 181 Extra"]
[Source "ChessBase"]
[SourceDate "2017.12.12"]
[SourceVersion "1"]
[SourceVersionDate "2017.12.12"]
[SourceQuality "1"]
[WhiteTeam "Ploiesti Universitar"]
[BlackTeam "Galati"]
[WhiteTeamCountry "ROU"]
[BlackTeamCountry "ROU"]

1. d4 Nf6 2. c4 g6 3. Nc3 d5 4. cxd5 Nxd5 5. Bd2 Bg7 6. Nf3 0-0 7. e3 c5 8. Qb3 Nxc3 9. bxc3 Nc6 10. Be2 Qc7 11. Rc1 e5 12. dxe5 Nxe5 13. Nxe5 Bxe5 14. f4 Bg7 15. 0-0 Bf5 16. Bf3 Rad8 17. Rf2 Rd7 18. e4 Rxd2 19. Rxd2 Qxf4 20. Rcd1 Be6 21. c4 Bd4+ 22. Kh1 b5 23. Rxd4 cxd4 24. Qxb5 Rd8 25. c5 Qe5 26. a4 Rb8 27. Qa5 Rc8 28. Qxa7 Rxc5 29. Qb6 Kg7 30. a5 Rxa5 31. Qxd4 Qxd4 32. Rxd4 Ra1+ 33. Rd1 Rxd1+ 34. Bxd1 Kf6 35. Kg1 Ke5 36. Bc2 Kd4 37. Kf2 g5 38. Kf3 h6 39. g3 Bh3 40. Bb3 f6 41. Bf7 Bd7 1/2-1/2

[Event "ROM-chT"]
[Site "Baile Govora"]
[Date "2017.11.13"]
[Round "3.3"]
[White "Balla, Tamas Kristof"]
[Black "Ionescu, Doru Alexandru"]
[Result "1-0"]
[WhiteElo "2359"]
[BlackElo "2333"]
[PlyCount "41"]
[EventDate "2017.11.11"]
[EventType "team-tourn"]
[EventRounds "9"]
[EventCountry "ROU"]
[SourceTitle "CBM 181 Extra"]
[Source "ChessBase"]
[SourceDate "2017.12.12"]
[SourceVersion "1"]
[SourceVersionDate "2017.12.12"]
[SourceQuality "1"]
[WhiteTeam "Arad Vados"]
[BlackTeam "Ploiesti Universitar"]
[WhiteTeamCountry "ROU"]
[BlackTeamCountry "ROU"]

1. e4 e6 2. Qe2 d5 3. exd5 Qxd5 4. Nc3 Qd8 5. g3 Bd7 6. Bg2 Bc6 7. Nf3 Nf6 8. 0-0 Be7 9. d4 0-0 10. Bf4 Nbd7 11. Rad1 Nb6 12. Rfe1 Nfd5 13. Nxd5 Bxd5 14. b3 Bb4 15. Rf1 c6 16. c4 Bxf3 17. Bxf3 Be7 18. a4 Re8 19. a5 Nc8 20. a6 Qb6 21. c5 1-0

[Event "Schwarzach op 32nd"]
[Site "Schwarzach"]
[Date "2017.08.20"]
[Round "3"]
[White "Kunin, Vitaly L"]
[Black "Ionescu, Doru Alexandru"]
[Result "1/2-1/2"]
[WhiteElo "2551"]
[BlackElo "2341"]
[PlyCount "91"]
[EventDate "2017.08.19"]
[EventType "swiss"]
[EventRounds "9"]
[EventCountry "AUT"]
[SourceTitle "CBM 180 Extra"]
[Source "ChessBase"]
[SourceDate "2017.10.06"]
[SourceVersion "1"]
[SourceVersionDate "2017.10.06"]
[SourceQuality "1"]

1. d4 Nf6 2. c4 g6 3. Nc3 d5 4. cxd5 Nxd5 5. e4 Nxc3 6. bxc3 Bg7 7. Nf3 0-0 8. Be2 c5 9. h3 Nc6 10. Be3 cxd4 11. cxd4 Qa5+ 12. Bd2 Qa3 13. d5 Ne5 14. 0-0 Nxf3+ 15. Bxf3 Bxh3 16. Rb1 Bc8 17. Bb4 Qxa2 18. Bxe7 Re8 19. Bc5 Qc4 20. Rc1 Qa6 21. Be2 Qf6 22. Qa4 Bf5 23. Bd3 b5 24. Qxb5 Bxe4 25. Bxe4 Rxe4 26. Rce1 Qe5 27. Bd6 Qe8 28. Qxe8+ Raxe8 29. Rxe4 Rxe4 30. Rb1 Bc3 31. Bc5 Bd4 32. Bxd4 Rxd4 33. Ra1 Rxd5 34. Rxa7 Kg7 35. g3 Rd4 36. Kg2 h5 37. Ra5 Rb4 38. Rc5 h4 39. gxh4 Rxh4 40. Kg3 Rb4 41. Ra5 Kh6 42. Rc5 g5 43. Rc6+ Kg7 44. f3 f6 45. Ra6 Kg6 46. Rc6 1/2-1/2

[Event "Pfalz op-A 8th"]
[Site "Neustadt an der Weinstrasse"]
[Date "2017.02.28"]
[Round "8"]
[White "Ionescu, Doru Alexandru"]
[Black "Noe, Christopher"]
[Result "1/2-1/2"]
[WhiteElo "2336"]
[BlackElo "2429"]
[PlyCount "88"]
[EventDate "2017.02.24"]
[EventType "swiss"]
[EventRounds "9"]
[EventCountry "GER"]
[SourceTitle "CBM 177 Extra"]
[Source "ChessBase"]
[SourceDate "2017.04.27"]
[SourceVersion "1"]
[SourceVersionDate "2017.04.27"]
[SourceQuality "1"]

1. c4 e5 2. g3 Nf6 3. Bg2 d5 4. cxd5 Nxd5 5. Nc3 Nb6 6. Nf3 Nc6 7. 0-0 Be7 8. d3 0-0 9. a3 Re8 10. Be3 Bf8 11. Rc1 Nd4 12. Ne4 c6 13. Nc5 a5 14. Bxd4 exd4 15. Nb3 g5 16. h3 h5 17. Qd2 g4 18. hxg4 hxg4 19. Nh4 Be7 20. Qh6 Bg5 21. Qh5 Bxc1 22. Rxc1 Rxe2 23. Rc5 Qf6 24. Nf5 Qg6 25. Ne7+ Rxe7 26. Rg5 Bf5 27. Be4 Bxe4 28. dxe4 Re6 29. Nxd4 Qxg5 30. Qxg5+ Rg6 31. Qe7 Nc4 32. Nf5 Nd2 33. Qxb7 Nf3+ 34. Kf1 Re8 35. Ne3 Nd2+ 36. Kg2 Nxe4 37. Qd7 Ree6 38. Qd8+ Kh7 39. Qh4+ Rh6 40. Qxg4 Nxg3 41. Qf4 Rhf6 42. Qh4+ Rh6 43. Qf4 Rhf6 44. Qh4+ Rh6 1/2-1/2

[Event "Pfalz op-A 8th"]
[Site "Neustadt an der Weinstrasse"]
[Date "2017.02.25"]
[Round "3"]
[White "Kunin, Vitaly L"]
[Black "Ionescu, Doru Alexandru"]
[Result "1-0"]
[WhiteElo "2569"]
[BlackElo "2336"]
[PlyCount "75"]
[EventDate "2017.02.24"]
[EventType "swiss"]
[EventRounds "9"]
[EventCountry "GER"]
[SourceTitle "CBM 177 Extra"]
[Source "ChessBase"]
[SourceDate "2017.04.27"]
[SourceVersion "1"]
[SourceVersionDate "2017.04.27"]
[SourceQuality "1"]

1. d4 Nf6 2. c4 e6 3. Nf3 c5 4. d5 d6 5. Nc3 exd5 6. cxd5 g6 7. e4 a6 8. a4 Bg4 9. Be2 Bxf3 10. Bxf3 Nbd7 11. 0-0 Bg7 12. Bf4 Qe7 13. a5 0-0 14. Re1 Ne8 15. Qd2 Rb8 16. Be2 Nc7 17. Bf1 b5 18. axb6 Rxb6 19. Ra3 Rfb8 20. Nd1 Bd4 21. Qa5 Ne5 22. Rg3 Ne8 23. Be3 Nf6 24. Bxd4 cxd4 25. Qd2 Nh5 26. Ra3 Qf6 27. Kh1 Rb4 28. Bxa6 Ng4 29. h3 Ne5 30. Bf1 Nc4 31. Bxc4 Rxc4 32. Rf3 Qe5 33. b3 Rcb4 34. Nb2 Rxb3 35. Nc4 Qe7 36. Rxb3 Rxb3 37. Qxd4 Nf6 38. Na5 1-0

[Event "ROM-chT "]
[Site "Mamaia"]
[Date "2015.10.11"]
[Round "9.3"]
[White "Ionescu, Doru Alexandru"]
[Black "Mocanu, Victor Valentin"]
[Result "0-1"]
[WhiteElo "2357"]
[BlackElo "2081"]
[PlyCount "108"]
[EventDate "2015.10.03"]
[EventType "team-tourn"]
[EventRounds "9"]
[EventCountry "ROU"]
[SourceTitle "CBM 168 Extra"]
[Source "ChessBase"]
[SourceDate "2015.10.29"]
[SourceVersion "1"]
[SourceVersionDate "2015.10.29"]
[SourceQuality "1"]
[WhiteTeam "Ploiesti CSU"]
[BlackTeam "Galati CC"]
[WhiteTeamCountry "ROU"]
[BlackTeamCountry "ROU"]

1. d4 Nf6 2. Bg5 e6 3. Nf3 c5 4. e3 b6 5. Bd3 Bb7 6. 0-0 cxd4 7. exd4 Be7 8. Re1 0-0 9. Nbd2 d6 10. c3 Nbd7 11. Nc4 Re8 12. a4 Nf8 13. a5 b5 14. Ncd2 a6 15. c4 bxc4 16. Nxc4 Nd5 17. Bd2 Rb8 18. Qe2 Ng6 19. g3 Bc6 20. Rec1 Bb5 21. Na3 Bxd3 22. Qxd3 Nc7 23. Rc2 d5 24. h4 Bxa3 25. Qxa3 Nb5 26. Qd3 Qd7 27. h5 Ne7 28. Bb4 Nc6 29. Bc5 f6 30. Bb6 Nb4 31. Qd2 Nxc2 32. Qxc2 Rbc8 33. Qd2 Rc6 34. Rd1 Rec8 35. Bc5 Qf7 36. g4 Qd7 37. Kg2 e5 38. Kh3 exd4 39. Bxd4 Rc4 40. h6 g6 41. b3 Rc2 42. Qf4 Nxd4 43. Rxd4 R2c3 44. Kg2 Rxb3 45. Qxf6 Rf8 46. Ne5 Rxf6 47. Nxd7 Rd6 48. Nb6 Rb5 49. Nc4 Rb4 50. Nxd6 Rxd4 51. Kg3 g5 52. Nf5 Rc4 53. Ne7+ Kf7 54. Nxd5 Rc5 0-1

[Event "ROM-chT "]
[Site "Mamaia"]
[Date "2015.10.05"]
[Round "3.2"]
[White "Danilov, Vladimir"]
[Black "Ionescu, Doru Alexandru"]
[Result "1/2-1/2"]
[WhiteElo "2404"]
[BlackElo "2357"]
[PlyCount "21"]
[EventDate "2015.10.03"]
[EventType "team-tourn"]
[EventRounds "9"]
[EventCountry "ROU"]
[SourceTitle "CBM 168 Extra"]
[Source "ChessBase"]
[SourceDate "2015.10.29"]
[SourceVersion "1"]
[SourceVersionDate "2015.10.29"]
[SourceQuality "1"]
[WhiteTeam "Iasi Politehnica"]
[BlackTeam "Ploiesti CSU"]
[WhiteTeamCountry "ROU"]
[BlackTeamCountry "ROU"]

1. d4 Nf6 2. Nf3 g6 3. c4 Bg7 4. g3 0-0 5. Bg2 d5 6. cxd5 Nxd5 7. 0-0 Nb6 8. Nc3 Nc6 9. d5 Na5 10. e4 c6 11. Re1 1/2-1/2

[Event "ROM-chT"]
[Site "Calimanesti"]
[Date "2014.11.14"]
[Round "7.4"]
[White "Ionescu, Doru Alexandru"]
[Black "Ardelean, George Catalin"]
[Result "1-0"]
[WhiteElo "2343"]
[BlackElo "2499"]
[PlyCount "111"]
[EventDate "2014.11.08"]
[EventType "team-tourn"]
[EventRounds "9"]
[EventCountry "ROU"]
[SourceTitle "EXT 2015"]
[Source "ChessBase"]
[SourceDate "2014.11.20"]
[SourceVersion "1"]
[SourceVersionDate "2014.11.20"]
[SourceQuality "1"]
[WhiteTeam "Ploiesti CSU"]
[BlackTeam "Timisoara Medicina"]
[WhiteTeamCountry "ROU"]
[BlackTeamCountry "ROU"]

1. d4 f5 2. Bg5 h6 3. Bf4 Nf6 4. e3 g5 5. Be5 Bg7 6. h4 g4 7. Nd2 d6 8. Bh2 Nc6 9. c3 0-0 10. Bc4+ Kh8 11. Qc2 e5 12. 0-0-0 Qe7 13. Ne2 Na5 14. Bd3 Nh5 15. f3 gxf3 16. gxf3 c5 17. dxc5 dxc5 18. Ng3 Nxg3 19. Bxg3 Be6 20. Qa4 b6 21. e4 f4 22. Bf2 a6 23. Kb1 Rfd8 24. Be2 Nb7 25. Rhg1 Kh7 26. Nb3 Rdc8 27. Qa3 Bf8 28. Nc1 b5 29. c4 Qc7 30. Qc3 b4 31. Qc2 Bd6 32. Nd3 Qf7 33. b3 Rg8 34. Rh1 Rad8 35. Nb2 Qc7 36. Bf1 Be7 37. Nd3 Rg6 38. Kc1 Na5 39. Qb2 Bd6 40. h5 Rg7 41. Bh4 Rf8 42. Qf2 Rfg8 43. Rd2 Nb7 44. Qh2 Qf7 45. Bf2 Rg5 46. Nb2 Qc7 47. Bh3 Bxh3 48. Qxh3 Qc8 49. Qxc8 Rxc8 50. Rd5 Rc6 51. Nd3 Kg8 52. Rg1 Kg7 53. Nxe5 Bxe5 54. Rxe5 Rcg6 55. Rgxg5 Rxg5 56. Re7+ 1-0

[Event "Iasi op"]
[Site "Iasi"]
[Date "2014.05.13"]
[Round "4"]
[White "Ardelean, George Catalin"]
[Black "Ionescu, Doru Alexandru"]
[Result "1/2-1/2"]
[WhiteElo "2496"]
[BlackElo "2342"]
[PlyCount "73"]
[EventDate "2014.05.10"]
[EventType "swiss"]
[EventRounds "9"]
[EventCountry "ROU"]
[SourceTitle "CBM 160 Extra"]
[Source "ChessBase"]
[SourceDate "2014.07.01"]
[SourceVersion "1"]
[SourceVersionDate "2014.07.01"]
[SourceQuality "1"]

1. e4 e6 2. d4 d5 3. Nd2 Nc6 4. Ngf3 Nf6 5. e5 Nd7 6. c4 dxc4 7. Nxc4 Nb6 8. a3 Bd7 9. Be3 Nxc4 10. Bxc4 Ne7 11. 0-0 Nf5 12. d5 Nxe3 13. fxe3 Bc5 14. Qb3 exd5 15. Bxd5 Qe7 16. Qxb7 0-0 17. Qxc7 Rac8 18. Qa5 Bxe3+ 19. Kh1 Rc2 20. Qe1 Qc5 21. b4 Qc3 22. Qh4 Bf5 23. Be4 Bxe4 24. Qxe4 Re8 25. Rae1 Rf2 26. Rxf2 Bxf2 27. Rf1 Be3 28. Qd5 Qc7 29. Qe4 Qc3 30. a4 h6 31. h4 Rc8 32. e6 fxe6 33. Qxe6+ Kh7 34. Ne5 Qc2 35. h5 Rd8 36. Nf7 Qd3 37. Rf3 1/2-1/2

[Event "ROM-chT"]
[Site "Mamaia"]
[Date "2013.09.07"]
[Round "8.3"]
[White "Ionescu, Doru Alexandru"]
[Black "Fedorov, Alexei"]
[Result "1-0"]
[WhiteElo "2330"]
[BlackElo "2567"]
[PlyCount "87"]
[EventDate "2013.08.31"]
[EventType "team-tourn"]
[EventRounds "9"]
[EventCountry "ROU"]
[SourceTitle "CBM 156 Extra"]
[Source "ChessBase"]
[SourceDate "2013.10.22"]
[SourceVersion "1"]
[SourceVersionDate "2013.10.22"]
[SourceQuality "1"]
[WhiteTeam "Ploiesti"]
[BlackTeam "Bucharest Nova"]
[WhiteTeamCountry "ROU"]
[BlackTeamCountry "ROU"]

1. e4 c5 2. d3 Nc6 3. f4 g6 4. g3 Bg7 5. Bg2 e6 6. Nf3 Nge7 7. 0-0 0-0 8. c3 b6 9. Na3 Ba6 10. Nc2 f5 11. Re1 Qc7 12. Be3 c4 13. dxc4 Bxc4 14. exf5 Nxf5 15. Bf2 Bd5 16. Qe2 Rae8 17. Ne3 Nxe3 18. Bxe3 Qb7 19. Rad1 Bxa2 20. Ng5 d5 21. Qg4 Qc8 22. Bh3 Rf5 23. Qh4 h6 24. Nf3 Rf7 25. Qg4 Kh7 26. Bf2 d4 27. cxd4 Bd5 28. Bf1 Nb4 29. h4 Qc2 30. h5 g5 31. Rc1 Qf5 32. Qxf5+ Rxf5 33. Ne5 gxf4 34. g4 Rg5 35. Rc7 Kg8 36. Kh2 Bxe5 37. dxe5 Nc6 38. Bb5 Nxe5 39. Rxe5 Rxe5 40. Bxe8 Re2 41. Kg1 Rd2 42. Be1 Rg2+ 43. Kf1 Rh2 44. Bf7+ 1-0

[Event "ROM-chT"]
[Site "Mamaia"]
[Date "2013.09.06"]
[Round "7.3"]
[White "Daianu, Cristian Clement"]
[Black "Ionescu, Doru Alexandru"]
[Result "1/2-1/2"]
[WhiteElo "2233"]
[BlackElo "2330"]
[PlyCount "109"]
[EventDate "2013.08.31"]
[EventType "team-tourn"]
[EventRounds "9"]
[EventCountry "ROU"]
[SourceTitle "CBM 156 Extra"]
[Source "ChessBase"]
[SourceDate "2013.10.22"]
[SourceVersion "1"]
[SourceVersionDate "2013.10.22"]
[SourceQuality "1"]
[WhiteTeam "Otopeni"]
[BlackTeam "Ploiesti"]
[WhiteTeamCountry "ROU"]
[BlackTeamCountry "ROU"]

1. e4 c5 2. Nf3 Nc6 3. d4 cxd4 4. Nxd4 g6 5. Nc3 Bg7 6. Be3 Nf6 7. Bc4 Qa5 8. 0-0 0-0 9. Bb3 d6 10. h3 Bd7 11. Re1 Rfc8 12. Nd5 Qd8 13. Nxf6+ Bxf6 14. f4 Na5 15. Bf2 e6 16. c3 Nxb3 17. axb3 a6 18. Qf3 Bg7 19. Rad1 Qe7 20. e5 dxe5 21. fxe5 Be8 22. Qg4 h5 23. Qf4 Rc5 24. Nf3 Rb5 25. b4 b6 26. Rd2 a5 27. Bh4 Qf8 28. Rd4 axb4 29. cxb4 Bc6 30. Red1 Rd5 31. Rc1 Rxd4 32. Nxd4 Be8 33. Nf3 Bh6 34. Bg5 Bg7 35. Rc7 Bb5 36. Be7 Qe8 37. Bd6 Bd7 38. Ng5 Bh6 39. Rb7 Rc8 40. h4 b5 41. Bc5 Bxg5 42. Qxg5 Rb8 43. Ra7 Ra8 44. Ra5 Bc6 45. Bd6 Kh7 46. Qf4 Bb7 47. Kh2 Kg8 48. Qh6 Bc6 49. g4 hxg4 50. h5 Bb7 51. Kg3 Be4 52. hxg6 fxg6 53. Qe3 Bc6 54. Kxg4 Qf7 55. Rxa8+ 1/2-1/2

[Event "ROM-chT"]
[Site "Mamaia"]
[Date "2013.09.02"]
[Round "3.3"]
[White "Ionescu, Doru Alexandru"]
[Black "Vajda, Levente"]
[Result "0-1"]
[WhiteElo "2330"]
[BlackElo "2613"]
[PlyCount "88"]
[EventDate "2013.08.31"]
[EventType "team-tourn"]
[EventRounds "9"]
[EventCountry "ROU"]
[SourceTitle "CBM 156 Extra"]
[Source "ChessBase"]
[SourceDate "2013.10.22"]
[SourceVersion "1"]
[SourceVersionDate "2013.10.22"]
[SourceQuality "1"]
[WhiteTeam "Ploiesti"]
[BlackTeam "Baia Mare"]
[WhiteTeamCountry "ROU"]
[BlackTeamCountry "ROU"]

1. d4 Nf6 2. Nf3 d6 3. c4 Nbd7 4. g3 e5 5. Bg2 c6 6. 0-0 e4 7. Ne1 Nb6 8. Nc3 Nxc4 9. Nxe4 Nxe4 10. Bxe4 d5 11. Bg2 Be7 12. b3 Nd6 13. Nd3 0-0 14. Bb2 Re8 15. Rc1 Bf5 16. Re1 Bg5 17. e3 Re6 18. Ne5 f6 19. Nd3 Qe8 20. Nf4 Bxf4 21. exf4 Rxe1+ 22. Qxe1 Qxe1+ 23. Rxe1 Re8 24. Rxe8+ Nxe8 25. f3 Bb1 26. a3 Nd6 27. Bf1 Ba2 28. b4 Bc4 29. Bh3 f5 30. Kf2 Bb5 31. Bc1 Kf7 32. Ke1 Ke6 33. Kd2 a5 34. Bg2 a4 35. h4 h5 36. Bh3 g6 37. Kd1 b6 38. Be3 Bd3 39. Kd2 Bc4 40. Kc3 Nb5+ 41. Kb2 Be2 42. Bg2 Kd7 43. Ka2 Nc3+ 44. Ka1 Nd1 0-1

[Event "SRB Central-ch op-A 6th"]
[Site "Paracin"]
[Date "2013.07.11"]
[Round "8"]
[White "Radovanovic, Nikola"]
[Black "Ionescu, Doru Alexandru"]
[Result "1-0"]
[WhiteElo "2249"]
[BlackElo "2330"]
[PlyCount "93"]
[EventDate "2013.07.05"]
[EventType "swiss"]
[EventRounds "9"]
[EventCountry "SRB"]
[SourceTitle "CBM 155 Extra"]
[Source "ChessBase"]
[SourceDate "2013.08.26"]
[SourceVersion "1"]
[SourceVersionDate "2013.08.26"]
[SourceQuality "1"]

1. d4 d5 2. c4 e6 3. Nc3 c5 4. cxd5 cxd4 5. Qxd4 Nc6 6. Qd1 exd5 7. e3 Nf6 8. Nf3 Bg4 9. Be2 Bc5 10. 0-0 0-0 11. a3 Rc8 12. b4 Bd6 13. Bb2 Bb8 14. Nb5 Ne4 15. Nbd4 Re8 16. Rc1 Qd6 17. g3 Qh6 18. Nh4 Bxe2 19. Qxe2 Nxd4 20. Bxd4 Qe6 21. Qh5 f6 22. Rfd1 Rc4 23. Nf5 g6 24. Nh6+ Kg7 25. Qh4 Nd2 26. Kg2 Qe4+ 27. Qxe4 Nxe4 28. Rxc4 dxc4 29. f3 Kxh6 30. fxe4 Kg7 31. Bc3 Kf7 32. Rd4 b5 33. Rd5 a6 34. Kf3 Re7 35. Rd8 Rb7 36. Rc8 Bc7 37. Ra8 Rb6 38. Ra7 Rc6 39. e5 f5 40. e4 Ke6 41. exf5+ Kxf5 42. g4+ Ke6 43. Ke4 h5 44. g5 h4 45. h3 Kd7 46. Kd5 Rb6 47. Bd4 1-0

[Event "SRB Central-ch op-A 6th"]
[Site "Paracin"]
[Date "2013.07.09"]
[Round "5"]
[White "Strzemiecki, Zbigniew"]
[Black "Ionescu, Doru Alexandru"]
[Result "1/2-1/2"]
[WhiteElo "2431"]
[BlackElo "2330"]
[PlyCount "41"]
[EventDate "2013.07.05"]
[EventType "swiss"]
[EventRounds "9"]
[EventCountry "SRB"]
[SourceTitle "CBM 155 Extra"]
[Source "ChessBase"]
[SourceDate "2013.08.26"]
[SourceVersion "1"]
[SourceVersionDate "2013.08.26"]
[SourceQuality "1"]

1. e4 c5 2. Nf3 g6 3. d4 Bg7 4. dxc5 Qa5+ 5. c3 Qxc5 6. Be3 Qc7 7. Na3 Nc6 8. Bd3 Nf6 9. Nb5 Qb8 10. Nbd4 0-0 11. 0-0 b6 12. Nxc6 dxc6 13. Qe2 e5 14. Rad1 Qc7 15. Nd2 Nh5 16. Ba6 Bd7 17. Nb3 Rad8 18. Bg5 Bf6 19. Bh6 Bg7 20. Bg5 Bf6 21. Bh6 1/2-1/2